Vista normal Vista MARC

Entrada Materia (personas)

Número de registros utilizados en: 1

001 - CONTROL NUMBER

  • control field: 165099

003 - CONTROL NUMBER IDENTIFIER

  • control field: Co-BoUCM

005 - DATE AND TIME OF LATEST TRANSACTION

  • control field: 20211111080549.0

008 - FIXED-LENGTH DATA ELEMENTS

  • fixed length control field: 211111|| aca||aabn | a|a d

040 ## - CATALOGING SOURCE

  • Original cataloging agency: Co-BoUCM
  • Transcribing agency: Co-BoUCM

100 ## - HEADING--PERSONAL NAME

  • Personal name: Hegel, Georg Ludwig Friedrich
  • Dates associated with a name: 1807-1831

670 ## - SOURCE DATA FOUND

  • Source citation: Work cat.: (Co-BoUCM)59988: Hegel, Georg Ludwig Friedrich 1807-1831, Lecciones sobre la estética, 2007